| 000 | 00871nam a2200277Ia 4500 | ||
|---|---|---|---|
| 001 | Z_565 | ||
| 003 | CHAP | ||
| 008 | 220113s1979 xx 000 0 und d | ||
| 010 | _a163675 | ||
| 040 | _cCHAP | ||
| 090 | _aTesis N 199 | ||
| 100 |
_aNieto Reyes, Arturo _981281 |
||
| 245 |
_aEfectos de la adición de aceite vegetal sobre la digestibilidad aparente de los nutrientes de una ración basal en conejos / _cpor Arturo Nieto Reyes |
||
| 260 |
_aChapingo, Méx. : _bEl autor, _c1979 |
||
| 300 | _a41 h. | ||
| 502 | _aTesis (Ing. Agrónomo Esp. en Zootecnia) -- UACH. Departamento de Zootecnia | ||
| 650 |
_aAceites vegetales en nutrición animal _9465 |
||
| 650 |
_aConejos _xAlimentación _926353 |
||
| 650 | 7 |
_aForrajes _xDigestibilidad _2 _942568 |
|
| 901 | _aTESIS N 199 | ||
| 902 | _aM | ||
| 910 | _a1979 | ||
| 942 | _c2 | ||
| 942 | _c2 | ||
| 999 |
_c163675 _d163675 |
||